[Event "Oberliga Nord N 1516"]
[Site "Germany"]
[Date "2016.01.31"]
[Round "6.8"]
[White "Groetzbach, Daniel"]
[Black "Fischer, Torsten"]
[Result "1-0"]
[WhiteElo "2055"]
[BlackElo "2038"]
[PlyCount "61"]
[EventDate "2015.09.20"]
[EventType "team-tourn"]
[EventRounds "9"]
[EventCountry "GER"]
[SourceTitle "EXT 2017"]
[Source "ChessBase"]
[SourceDate "2016.10.25"]
[SourceVersion "1"]
[SourceVersionDate "2016.10.25"]
[SourceQuality "1"]
[WhiteTeam "Hamburger SK III"]
[BlackTeam "Schwerin"]
[WhiteTeamCountry "GER"]
[BlackTeamCountry "GER"]

1. e4 c5 2. Nf3 d6 3. d4 cxd4 4. Nxd4 Nf6 5. Nc3 a6 6. Be3 e5 7. Nb3 Be7 8. h3 b5 9. a4 bxa4 10. Rxa4 0-0 11. Nd5 Nbd7 12. Na5 Nxd5 13. Qxd5 Rb8 14. Nc6 Bb7 15. Nxd8 Bxd5 16. exd5 Rfxd8 17. b3 Rdc8 18. Bc4 Nc5 19. Bxc5 Rxc5 20. Rxa6 Rxc4 21. bxc4 Rb1+ 22. Ke2 Rxh1 23. Ra8+ Bf8 24. c5 dxc5 25. d6 Ra1 26. Rxa1 Bxd6 27. Ra8+ Bf8 28. Kd3 f5 29. Kc4 Kf7 30. Kd5 e4 31. Ke5 1-0

[Event "GER-chT U20"]
[Site "Osnabrueck"]
[Date "2015.12.28"]
[Round "3.5"]
[White "Baltic, Fatih"]
[Black "Groetzbach, Daniel"]
[Result "1-0"]
[WhiteElo "1952"]
[BlackElo "2042"]
[PlyCount "81"]
[EventDate "2015.12.27"]
[EventType "team-swiss"]
[EventRounds "7"]
[EventCountry "GER"]
[SourceTitle "EXT 2017"]
[Source "ChessBase"]
[SourceDate "2016.10.25"]
[SourceVersion "1"]
[SourceVersionDate "2016.10.25"]
[SourceQuality "1"]
[WhiteTeam "Porz SG"]
[BlackTeam "Hamburger SK"]
[WhiteTeamCountry "GER"]
[BlackTeamCountry "GER"]

1. e4 c5 2. Nf3 d6 3. d4 cxd4 4. Nxd4 Nf6 5. Nc3 a6 6. Be3 e5 7. Nb3 Be7 8. f3 Be6 9. Qd2 Nbd7 10. 0-0-0 b5 11. g4 Nb6 12. g5 Nfd7 13. Kb1 Qc7 14. Nd5 Bxd5 15. exd5 Rc8 16. Bh3 Nc4 17. Qe2 a5 18. Rhe1 a4 19. Nd4 b4 20. Nc6 Na5 21. Bxd7+ Kxd7 22. Nxb4 Qb7 23. a3 Nc4 24. c3 Rc7 25. f4 Kc8 26. fxe5 dxe5 27. Qg4+ Kb8 28. Qe2 Ka8 29. Qc2 Qb5 30. d6 Nxd6 31. Rd5 Qd7 32. Ra5+ Kb8 33. Na6+ Kc8 34. Nxc7 Kxc7 35. Ra7+ Nb7 36. Rxa4 Rd8 37. Rc4+ Kb8 38. Bb6 Rc8 39. Rxc8+ Qxc8 40. Rxe5 Bd6 41. Qa4 1-0

[Event "Hamburg St Pauli op-A"]
[Site "Hamburg"]
[Date "2015.07.21"]
[Round "5"]
[White "Groetzbach, Daniel"]
[Black "Hess, Christian"]
[Result "1/2-1/2"]
[WhiteElo "1994"]
[BlackElo "2203"]
[PlyCount "89"]
[EventDate "2015.07.18"]
[EventType "swiss"]
[EventRounds "9"]
[EventCountry "GER"]
[SourceTitle "EXT 2016"]
[Source "ChessBase"]
[SourceDate "2015.10.08"]
[SourceVersion "1"]
[SourceVersionDate "2015.10.08"]
[SourceQuality "1"]

1. e4 c5 2. Nf3 Nc6 3. d4 cxd4 4. Nxd4 e6 5. Nc3 a6 6. Be3 Nf6 7. Nxc6 bxc6 8. e5 Nd5 9. Nxd5 cxd5 10. Qd4 d6 11. f4 dxe5 12. fxe5 Rb8 13. a3 g6 14. Bd3 Bg7 15. 0-0 Qc7 16. Bf4 0-0 17. Kh1 Qb7 18. b3 Bd7 19. a4 a5 20. Bg5 Qb4 21. Qxb4 axb4 22. Bf6 Rfc8 23. Bxg7 Kxg7 24. Rf4 g5 25. Rg4 h6 26. h4 f6 27. exf6+ Kxf6 28. Rf1+ Ke5 29. hxg5 hxg5 30. Rxg5+ Kd4 31. Rf4+ Kc5 32. Rf7 Rh8+ 33. Kg1 Bc6 34. Rh7 Rxh7 35. Bxh7 Re8 36. Kf2 e5 37. Ke3 Rh8 38. Bf5 e4 39. Be6 Rh1 40. Bh3 Bb7 41. Bd7 Re1+ 42. Kd2 Rf1 43. Ke2 Rc1 44. Kd2 Rf1 45. Ke2 1/2-1/2

[Event "Hamburg St Pauli op-A"]
[Site "Hamburg"]
[Date "2015.07.18"]
[Round "1"]
[White "Groetzbach, Daniel"]
[Black "Lyell, Mark"]
[Result "0-1"]
[WhiteElo "1994"]
[BlackElo "2259"]
[PlyCount "71"]
[EventDate "2015.07.18"]
[EventType "swiss"]
[EventRounds "9"]
[EventCountry "GER"]
[SourceTitle "EXT 2016"]
[Source "ChessBase"]
[SourceDate "2015.10.08"]
[SourceVersion "1"]
[SourceVersionDate "2015.10.08"]
[SourceQuality "1"]

1. e4 e5 2. Nf3 Nc6 3. Bb5 f5 4. Nc3 fxe4 5. Nxe4 Nf6 6. Qe2 d5 7. Nxf6+ gxf6 8. d4 Bg7 9. dxe5 0-0 10. e6 Ne5 11. Bf4 Qd6 12. e7 Qxe7 13. 0-0-0 c6 14. Bd3 Bg4 15. h3 Nxd3+ 16. Qxd3 Bh5 17. Rde1 Qc5 18. Nd4 Bg6 19. Qd2 Rfe8 20. Ne6 Qb6 21. Nxg7 Kxg7 22. f3 d4 23. g4 c5 24. Kb1 c4 25. Ka1 d3 26. c3 Qc6 27. g5 Kf7 28. gxf6 Qxf3 29. Be3 Re4 30. Bd4 Rae8 31. Rhf1 Re2 32. Qd1 Rxe1 33. Rxe1 Qxd1+ 34. Rxd1 Bh5 35. Rg1 d2 36. Rg7+ 0-1

[Event "Dortmund Sparkassen op-A"]
[Site "Dortmund"]
[Date "2015.06.30"]
[Round "4"]
[White "Groetzbach, Daniel"]
[Black "Wecker, Martin"]
[Result "0-1"]
[WhiteElo "1966"]
[BlackElo "2124"]
[PlyCount "100"]
[EventDate "2015.06.27"]
[EventType "swiss"]
[EventRounds "9"]
[EventCountry "GER"]
[SourceTitle "CBM 167 Extra"]
[Source "ChessBase"]
[SourceDate "2015.09.14"]
[SourceVersion "1"]
[SourceVersionDate "2015.09.14"]
[SourceQuality "1"]

1. e4 c5 2. Nf3 e6 3. d4 cxd4 4. Nxd4 Nc6 5. Nc3 Qc7 6. Be3 a6 7. Qd2 Nf6 8. 0-0-0 Be7 9. f3 b5 10. g4 Nxd4 11. Bxd4 Bb7 12. Kb1 0-0 13. h4 b4 14. Ne2 d5 15. e5 Nd7 16. f4 Nb6 17. Nc1 Rfc8 18. g5 Nc4 19. Qf2 a5 20. Rh3 a4 21. h5 Ba6 22. Re1 Rab8 23. g6 fxg6 24. hxg6 h6 25. f5 Bg5 26. Bxc4 Bxc4 27. f6 b3 28. a3 bxc2+ 29. Ka1 Rb3 30. Ree3 Bd3 31. Qg1 Bxg6 32. Rxb3 axb3 33. Rxb3 Bxc1 34. Qxc1 Rb8 35. Rc3 Qb7 36. Rg3 Qf7 37. Qg1 Kh7 38. fxg7 Kxg7 39. Rg2 Rf8 40. Rf2 Qxf2 41. Bxf2 Rxf2 42. Ka2 Kh7 43. a4 d4 44. Qxf2 c1Q 45. Qxd4 Qb1+ 46. Kb3 Qd3+ 47. Qc3 h5 48. a5 h4 49. a6 h3 50. a7 Qxc3+ 0-1

[Event "Dortmund Sparkassen op-A"]
[Site "Dortmund"]
[Date "2015.06.29"]
[Round "3"]
[White "Podzielny, Karl Heinz"]
[Black "Groetzbach, Daniel"]
[Result "1-0"]
[WhiteElo "2448"]
[BlackElo "1966"]
[PlyCount "105"]
[EventDate "2015.06.27"]
[EventType "swiss"]
[EventRounds "9"]
[EventCountry "GER"]
[SourceTitle "CBM 167 Extra"]
[Source "ChessBase"]
[SourceDate "2015.09.14"]
[SourceVersion "1"]
[SourceVersionDate "2015.09.14"]
[SourceQuality "1"]

1. d4 d5 2. Nf3 Nf6 3. c4 c6 4. Nc3 e6 5. e3 Nbd7 6. Qc2 Bd6 7. Bd2 dxc4 8. Bxc4 a6 9. e4 e5 10. dxe5 Nxe5 11. Nxe5 Bxe5 12. f4 Bd4 13. e5 Ng4 14. Ne4 0-0 15. 0-0-0 Bf5 16. Bd3 Bxe4 17. Bxe4 Nf2 18. Bxh7+ Kh8 19. Be4 Qb6 20. b3 Nxh1 21. Rxh1 Qc5 22. Rf1 Qxc2+ 23. Kxc2 f6 24. exf6 Rxf6 25. Rf3 Re8 26. Bd3 Rh6 27. h3 b5 28. a4 bxa4 29. bxa4 c5 30. a5 c4 31. Bf1 Rc6 32. f5 c3 33. Bc1 Rb8 34. Bd3 Rc5 35. Rf4 Bf6 36. Ra4 Rc6 37. g4 Be5 38. g5 Kg8 39. Re4 Bd6 40. Bc4+ Kf8 41. f6 Bb4 42. Bb3 gxf6 43. Rxb4 Rxb4 44. Ba3 fxg5 45. Bxb4+ Kg7 46. Ba4 Rc7 47. Bxc3+ Kf7 48. Kd3 Ke6 49. Bd1 Rc5 50. Bg4+ Kd5 51. Bf3+ Ke6 52. Bb7 g4 53. hxg4 1-0

[Event "Hamburg-ch MA"]
[Site "Hamburg"]
[Date "2015.05.31"]
[Round "9"]
[White "Hinrichs, Lars"]
[Black "Groetzbach, Daniel"]
[Result "1-0"]
[WhiteElo "2203"]
[BlackElo "1985"]
[PlyCount "93"]
[EventDate "2015.05.23"]
[EventType "swiss"]
[EventRounds "9"]
[EventCountry "GER"]
[SourceTitle "EXT 2022"]
[Source "ChessBase"]
[SourceDate "2021.10.06"]
[SourceVersion "1"]
[SourceVersionDate "2021.10.06"]
[SourceQuality "1"]

1. e4 c5 2. Nf3 d6 3. d4 cxd4 4. Nxd4 Nf6 5. Nc3 a6 6. Be3 e5 7. Nf3 Be7 8. Bc4 0-0 9. 0-0 Be6 10. Bxe6 fxe6 11. Na4 Ng4 12. Qd3 Nxe3 13. Qxe3 b5 14. Nb6 Ra7 15. Nd5 Rb7 16. Qd3 Kh8 17. Nxe7 Qxe7 18. Rfd1 Rb6 19. b4 Rc8 20. a4 Qc7 21. Qb3 Qc4 22. Qxc4 bxc4 23. c3 h6 24. a5 Rbc6 25. Rd2 R8c7 26. Rad1 Rd7 27. Nxe5 dxe5 28. Rxd7 Nxd7 29. Rxd7 Kh7 30. Kf1 Kg6 31. Ke2 Kf6 32. Kd2 Rc8 33. Kc2 g5 34. Rd6 Ra8 35. Rc6 Ke7 36. Rc7+ Kd6 37. Rg7 Rf8 38. f3 Kc6 39. Rg6 Kd6 40. h3 Rh8 41. Rg7 Kc6 42. Re7 h5 43. Rxe6+ Kb7 44. Rxe5 g4 45. f4 gxh3 46. gxh3 Rg8 47. Rg5 1-0

[Event "Hamburg-ch MA"]
[Site "Hamburg"]
[Date "2015.05.26"]
[Round "4"]
[White "Groetzbach, Daniel"]
[Black "Urban, Ralf Dieter"]
[Result "0-1"]
[WhiteElo "1985"]
[BlackElo "2034"]
[PlyCount "74"]
[EventDate "2015.05.23"]
[EventType "swiss"]
[EventRounds "9"]
[EventCountry "GER"]
[SourceTitle "EXT 2022"]
[Source "ChessBase"]
[SourceDate "2021.10.06"]
[SourceVersion "1"]
[SourceVersionDate "2021.10.06"]
[SourceQuality "1"]

1. e4 e5 2. Nf3 Nc6 3. Bb5 a6 4. Ba4 Nf6 5. 0-0 b5 6. Bb3 Be7 7. Re1 0-0 8. a4 Bb7 9. d3 d5 10. exd5 Nxd5 11. Nxe5 Nd4 12. c3 Nxb3 13. Qxb3 Bd6 14. Bd2 Qf6 15. d4 Nf4 16. Bxf4 Qxf4 17. g3 Qh6 18. f4 Bxe5 19. Rxe5 Qc6 20. d5 Qc5+ 21. Kf1 Rae8 22. Qb4 Qb6 23. Qd4 Qh6 24. Kg1 f6 25. Re4 Qh5 26. Nd2 Bxd5 27. Re3 Rxe3 28. Qxe3 Re8 29. Qd3 Re2 30. h4 c6 31. axb5 axb5 32. Ra8+ Kf7 33. Ra7+ Ke8 34. Ra8+ Kd7 35. Ra7+ Kc8 36. Kf1 Rh2 37. Nb3 Bc4 0-1

[Event "Hamburg-ch MA"]
[Site "Hamburg"]
[Date "2014.06.09"]
[Round "3"]
[White "Groetzbach, Daniel"]
[Black "Uksini, Bardhyl"]
[Result "0-1"]
[WhiteElo "1990"]
[BlackElo "2055"]
[PlyCount "130"]
[EventDate "2014.06.07"]
[EventType "swiss"]
[EventRounds "9"]
[EventCountry "GER"]
[SourceTitle "CBM 161 Extra"]
[Source "ChessBase"]
[SourceDate "2014.08.29"]
[SourceVersion "1"]
[SourceVersionDate "2014.08.29"]
[SourceQuality "1"]

1. e4 c5 2. Nf3 e6 3. d4 cxd4 4. Nxd4 Nc6 5. Nc3 Qc7 6. Be3 a6 7. Qd2 Nf6 8. 0-0-0 Bb4 9. f3 Ne5 10. Nb3 b5 11. Qe1 Be7 12. f4 Ng6 13. e5 Ng4 14. Ne4 Nxe3 15. Qxe3 0-0 16. h4 Bb7 17. h5 Rac8 18. Bd3 Nxe5 19. fxe5 Qxe5 20. Rhg1 f5 21. Qg3 Qxg3 22. Nxg3 Bh4 23. Nh1 Bg5+ 24. Kb1 Be3 25. Rge1 f4 26. Re2 e5 27. c3 Rce8 28. Bc2 d5 29. Nf2 e4 30. Nd4 Bxd4 31. Rxd4 Re5 32. a4 Rxh5 33. Nxe4 dxe4 34. Bxe4 Bxe4+ 35. Rexe4 Rhf5 36. Kc2 Rg5 37. Re2 h5 38. axb5 axb5 39. b3 h4 40. Rd3 Rgf5 41. Re6 f3 42. gxf3 Rxf3 43. Rd7 Rg3 44. c4 h3 45. c5 h2 46. Re1 Rg1 47. Rxg7+ Kxg7 48. Re7+ Kg6 49. Rh7 Rc1+ 50. Kd2 Rc2+ 51. Kd3 Rc3+ 52. Kd4 Rd3+ 53. Ke5 Rd5+ 54. Ke6 Re8+ 55. Re7 Re5+ 56. Kd6 R8xe7 57. b4 h1R 58. Kc6 Rb1 59. Kxb5 Rxc5+ 60. Ka6 Rc4 61. b5 Re6+ 62. b6 Rexb6+ 63. Ka5 Ra4+ 64. Kxa4 R6b5 65. Ka3 Ra5# 0-1

[Event "Hamburg-chT Landesliga 1314"]
[Site "Hamburg"]
[Date "2014.04.12"]
[Round "8.7"]
[White "Holst, Marten"]
[Black "Groetzbach, Daniel"]
[Result "0-1"]
[WhiteElo "1921"]
[BlackElo "2005"]
[PlyCount "70"]
[EventDate "2013.10.13"]
[EventType "team-tourn"]
[EventRounds "9"]
[EventCountry "GER"]
[SourceTitle "EXT 2022"]
[Source "ChessBase"]
[SourceDate "2021.10.06"]
[SourceVersion "1"]
[SourceVersionDate "2021.10.06"]
[SourceQuality "1"]
[WhiteTeam "Harburg Diagonale"]
[BlackTeam "Hamburger SK V"]
[WhiteTeamCountry "GER"]
[BlackTeamCountry "GER"]

1. b3 d5 2. Bb2 Nf6 3. e3 Bf5 4. f4 e6 5. Nf3 h6 6. Be2 Be7 7. 0-0 0-0 8. Ne5 Bh7 9. d3 c6 10. Qe1 Nbd7 11. Qg3 Nb6 12. Nd2 Nc8 13. Rf3 Nd6 14. Qh3 c5 15. Nf1 c4 16. Ng3 c3 17. Bxc3 Rc8 18. Bb4 Rxc2 19. Bd1 Rc7 20. Nh5 Nxh5 21. Qxh5 Nf5 22. Ba5 b6 23. Bd2 Bc5 24. g4 Nd4 25. Rh3 Nc6 26. Nxc6 Rxc6 27. Be2 Qf6 28. Rd1 Bg6 29. Qh4 Qxh4 30. Rxh4 Be7 31. Rh3 Rc2 32. a4 Rfc8 33. Kf1 Rb2 34. Rf3 Rcc2 35. Ke1 Rxd2 0-1